000 00233nam a22000977a 4500
020 _a0314872647
050 _aQA 154.2 .S74 1988
100 _aRalph C Steinlage
245 _aSolutio manual to accompany Trigonometry
942 _2lcc
_cGEN
999 _c15051
_d15051